[As escolhas de Conte Connosco 2011] (Registo nº 1585)
[ vista simples ]
| 000 -Etiqueta do registo | |
|---|---|
| Cabeçalho | 00775nam0a2200241 4500 |
| 005 - Identificador da versão | |
| Campo de controlo | 20240813121840.0 |
| 100 ## - Dados gerais de processamento | |
| Dados gerais de processamento | 20160714f20-- d y0pory5003 ba |
| 102 ## - Pais de publicação ou produção | |
| País de publicação | Portugal |
| 101 0# - Língua de publicação | |
| Língua do texto, banda sonora, etc. | Português |
| 215 ## - Descrição física | |
| Indicação específica da natureza do documento e extensão da espécie | 58 p |
| 200 1# - Titulo e menção de responsabilidade | |
| Título próprio | [As escolhas de Conte Connosco 2011] |
| Primeira menção de responsabilidade | [Eduardo Duarte... [et al.] |
| Outras menções de responsabilidade | pref. José Luís Peixoto] |
| 210 ## - Publicação, Distribuição, etc. | |
| Lugar da edição, distribuição, etc. | [S. l. |
| Nome do editor, distribuidor, etc. | s. n. |
| Data da publicação, distribuição, etc. | 2011?] |
| 606 ## - Nome comum usado como assunto | |
| Número de registo de entrada de autoridade | 0002010 |
| Palavra de ordem | Literatura portuguesa |
| Subdivisão de assunto | Conto |
| Código do sistema | CA |
| 675 ## - Classificação Decimal Universal (CDU) | |
| Notação | 821.134.3-34 |
| Edição | 3ª ed. |
| Língua da edição | por |
| 702 #1 - Nome de autor-pessoa física (responsabilidade secundária) | |
| Número de registo de entrada de autoridade | 0001093 |
| Palavra de ordem | Peixoto |
| Outra parte do nome não tomada para palavra de ordem | José Luís |
| Código de função | Autor da introdução / Prefaciador |
| 701 #1 - Nome de autor-pessoa física (co-responsabilidade principal) | |
| Palavra de ordem | Duarte |
| Outra parte do nome não tomada para palavra de ordem | Eduardo |
| Elementos de identificação ou distinção | et al. |
| Código de função | Autor / Co-autor |
| Palavra de ordem | Fernandes |
| Outra parte do nome não tomada para palavra de ordem | Susana |
| Elementos de identificação ou distinção | et al. |
| Código de função | Autor / Co-autor |
| Palavra de ordem | Albuquerque |
| Outra parte do nome não tomada para palavra de ordem | Raquel |
| Elementos de identificação ou distinção | et al. |
| Código de função | Autor / Co-autor |
| 966 ## - Identificação da Biblioteca | |
| Sigla | EB2,3ENM |
| 942 ## - Elementos de entrada adicionados (Koha) | |
| Tipo de item no Koha | Livro |
| Situação do levantamento | Origin of item (home branch) (coded) | Biblioteca de empréstimo | Código de barras | Cota | Circulation type (not for loan) | Tipo de documento | Nota do exemplar | Damaged status |
|---|---|---|---|---|---|---|---|---|
| Biblioteca Escolar Eng. Nuno Mergulhão | Biblioteca Escolar Eng. Nuno Mergulhão | BENM3552 | 82LP-34 ESC | Livro | Sem mensagem |
